000 00449nam a2200169Ia 4500
003 GCL
008 140319s9999 xx 000 0 ara d
040 _aGCL /
_cGCL
082 0 4 _aفيديو
_b105
245 1 0 _aمن اجل صحة افضل
260 _a[S.N] :
_bلا يوجد
490 _aموسوعة طبيبك الخاص
_v0
650 0 4 _aالطب
650 0 4 _aالصحة العامة
650 0 4 _aشرائط فيديو
942 _2ddc
_cBK
999 _c33818
_d33818